Normal view
MARC view
Entry Topical Term
001 - CONTROL NUMBER
- control field: 241997
003 - CONTROL NUMBER IDENTIFIER
- control field: OSt
005 - DATE AND TIME OF LATEST TRANSACTION
- control field: 20251010105639.0
008 - FIXED-LENGTH DATA ELEMENTS
- fixed length control field: 251010|| aca||aabn | a|a d
040 ## - CATALOGING SOURCE
- Original cataloging agency: OSt
- Transcribing agency: OSt
150 ## - HEADING--TOPICAL TERM
- Topical term or geographic name entry element: Dynamic sql
670 ## - SOURCE DATA FOUND
- Source citation: Work cat.: (OSt)183018: Aruna, Panangipally. 142835, Wonder of power builder 3.0 :, 1994.